Normal view
MARC view
- Sayeed, Mohammad Ali
Entry Personal Name
001 - CONTROL NUMBER
- control field: 85369
003 - CONTROL NUMBER IDENTIFIER
- control field: NUST
005 - DATE AND TIME OF LATEST TRANSACTION
- control field: 20211201093436.0
008 - FIXED-LENGTH DATA ELEMENTS
- fixed length control field: 211201|| aca||aabn | a|a d
040 ## - CATALOGING SOURCE
- Original cataloging agency: NUST
- Transcribing agency: NUST
100 ## - HEADING--PERSONAL NAME
- Personal name: Sayeed, Mohammad Ali
670 ## - SOURCE DATA FOUND
- Source citation: Work cat.: (NUST)0: Sayeed, Mohammad Ali., Thoughts and expressions of a lawyer /, 2009.
